[Event "Vinnytsia City Cup"]
[Site "Vinnytsia"]
[Date "2021.11.07"]
[Round "10"]
[White "Zhukovskyi, Oleksandr"]
[Black "Scherbina, Dmitry"]
[Result "1-0"]
[WhiteElo "1688"]
[BlackElo "1945"]
[PlyCount "111"]
[EventDate "2021.11.02"]
[EventType "tourn"]
[EventRounds "11"]
[EventCountry "UKR"]
[SourceTitle "CBM 205 Extra"]
[Source "ChessBase"]
[SourceDate "2022.01.31"]
[SourceVersion "1"]
[SourceVersionDate "2022.01.31"]
[SourceQuality "1"]

1. e4 c5 2. Nf3 e6 3. c4 Nc6 4. d4 cxd4 5. Nxd4 Qc7 6. Nc2 Nf6 7. Nc3 d6 8. Be2 Be7 9. 0-0 a6 10. Be3 0-0 11. Rc1 Ne5 12. Nd4 Bd7 13. b3 Rac8 14. f4 Ng6 15. g4 e5 16. Nf5 Bxf5 17. exf5 Nxf4 18. g5 Nd7 19. Bxf4 exf4 20. f6 gxf6 21. Nd5 Qd8 22. Bg4 Rc5 23. Bxd7 Qxd7 24. gxf6 Bd8 25. Rxf4 Qh3 26. Rc3 Qh6 27. Qg4+ Kh8 28. Rg3 Re8 29. Re4 Qc1+ 30. Kg2 Qd2+ 31. Kf1 Qc1+ 32. Kf2 Qd2+ 33. Re2 Rxe2+ 34. Qxe2 Qxe2+ 35. Kxe2 h5 36. Re3 Kh7 37. Re8 b5 38. Rxd8 bxc4 39. bxc4 Rxc4 40. Rxd6 Rc2+ 41. Kf3 Rxa2 42. h4 Rd2 43. Rd7 Kh6 44. Nb6 Rb2 45. Nd5 Rd2 46. Ke4 Rh2 47. Kf5 Rxh4 48. Rxf7 Rh1 49. Ra7 h4 50. Rxa6 h3 51. Ra3 Kh7 52. Nf4 h2 53. Rh3+ Kg8 54. Rg3+ Kf7 55. Rg7+ Ke8 56. f7+ 1-0

[Event "Vinnytsia City Cup"]
[Site "Vinnytsia"]
[Date "2021.11.04"]
[Round "5"]
[White "Roenko, Artur"]
[Black "Scherbina, Dmitry"]
[Result "0-1"]
[WhiteElo "2208"]
[BlackElo "1945"]
[PlyCount "51"]
[EventDate "2021.11.02"]
[EventType "tourn"]
[EventRounds "11"]
[EventCountry "UKR"]
[SourceTitle "CBM 205 Extra"]
[Source "ChessBase"]
[SourceDate "2022.01.31"]
[SourceVersion "1"]
[SourceVersionDate "2022.01.31"]
[SourceQuality "1"]

1. d4 d5 2. c4 c6 3. Nc3 Nf6 4. Nf3 e6 5. cxd5 exd5 6. Qc2 Bd6 7. Bg5 Nbd7 8. e3 Nb6 9. Bd3 h6 10. Bh4 Be6 11. Ne5 Qc7 12. f4 g5 13. Bg3 Nh5 14. 0-0-0 0-0-0 15. f5 Nxg3 16. hxg3 Bxe5 17. fxe6 Bxg3 18. exf7 Qxf7 19. Rdf1 Qe7 20. Rf3 Bc7 21. Rhf1 Kb8 22. Qd2 Rde8 23. e4 dxe4 24. Nxe4 Nd5 25. Nf6 Bf4 26. Rxf4 0-1

[Event "Vinnytsia Olkhovsky Memorial 8th"]
[Site "Vinnytsia"]
[Date "2021.07.10"]
[Round "6"]
[White "Bykovskiy, Oleg"]
[Black "Scherbina, Dmitry"]
[Result "1/2-1/2"]
[WhiteElo "2246"]
[BlackElo "1923"]
[PlyCount "61"]
[EventDate "2021.07.10"]
[EventType "swiss (rapid)"]
[EventRounds "9"]
[EventCountry "UKR"]
[SourceTitle "CBM 203 Extra"]
[Source "ChessBase"]
[SourceDate "2021.09.30"]
[SourceVersion "1"]
[SourceVersionDate "2021.09.30"]
[SourceQuality "1"]

1. e4 c6 2. d4 d5 3. e5 Bf5 4. h4 h5 5. Bg5 Qb6 6. Bd3 Bxd3 7. Qxd3 e6 8. Nd2 Nd7 9. Ngf3 Be7 10. 0-0 Bxg5 11. Nxg5 Ne7 12. c4 Nf5 13. c5 Qb5 14. Qxb5 cxb5 15. Ngf3 Nb8 16. a4 bxa4 17. Rxa4 Nc6 18. Rfa1 Rb8 19. Nf1 a6 20. Ne3 Nxe3 21. fxe3 f6 22. exf6 gxf6 23. b4 Kd7 24. Rb1 Na7 25. Nd2 Nb5 26. Rf1 Rh6 27. Raa1 Rg8 28. Rf2 Rg4 29. Nf3 Re4 30. Re1 Rg4 31. Kh2 1/2-1/2

[Event "UKR-ch U14"]
[Site "Vinnytsia"]
[Date "2016.04.15"]
[Round "11"]
[White "Baidetsky, Valentin"]
[Black "Scherbina, Dmitry"]
[Result "1/2-1/2"]
[WhiteElo "2167"]
[BlackElo "1791"]
[PlyCount "77"]
[EventDate "2016.04.06"]
[EventType "tourn"]
[EventRounds "11"]
[EventCountry "UKR"]
[SourceTitle "CBM 171 Extra"]
[Source "ChessBase"]
[SourceDate "2016.04.26"]
[SourceVersion "1"]
[SourceVersionDate "2016.04.26"]
[SourceQuality "1"]

1. Nf3 c6 2. g3 d5 3. Bg2 Nf6 4. d3 Bf5 5. 0-0 h6 6. b3 e6 7. Bb2 Be7 8. Nbd2 0-0 9. Qe1 Nbd7 10. e4 Bh7 11. Qe2 Rc8 12. Rfe1 Bc5 13. c4 a6 14. e5 Ne8 15. d4 Bb4 16. a3 Bxd2 17. Nxd2 Nc7 18. c5 Qe7 19. b4 Kh8 20. Nb3 f5 21. exf6 Rxf6 22. Bc1 Qf7 23. Bf4 g5 24. Bxc7 Rxc7 25. a4 Nf8 26. b5 axb5 27. axb5 Ng6 28. Ra8+ Kg7 29. bxc6 bxc6 30. Rd8 Re7 31. Rd6 e5 32. Qd2 e4 33. Na5 Rxd6 34. cxd6 Rd7 35. Qb4 Qe6 36. Nb7 Qf7 37. Na5 Qe6 38. Nb7 Qf7 39. Rf1 1/2-1/2

[Event "UKR-ch U14"]
[Site "Vinnytsia"]
[Date "2016.04.07"]
[Round "2"]
[White "Galperin, Platon"]
[Black "Scherbina, Dmitry"]
[Result "0-1"]
[WhiteElo "2036"]
[BlackElo "1791"]
[PlyCount "92"]
[EventDate "2016.04.06"]
[EventType "tourn"]
[EventRounds "11"]
[EventCountry "UKR"]
[SourceTitle "CBM 171 Extra"]
[Source "ChessBase"]
[SourceDate "2016.04.26"]
[SourceVersion "1"]
[SourceVersionDate "2016.04.26"]
[SourceQuality "1"]

1. Nf3 Nf6 2. g3 g6 3. Bg2 Bg7 4. 0-0 0-0 5. d4 d5 6. c4 c6 7. cxd5 cxd5 8. Nc3 Nc6 9. Ne5 e6 10. Nxc6 bxc6 11. b3 Re8 12. Na4 Nd7 13. Bb2 c5 14. dxc5 Bxb2 15. Nxb2 Nxc5 16. Qd4 Nb7 17. Rfd1 Qb6 18. e4 e5 19. Qxd5 Be6 20. Qd2 Rad8 21. Qe2 Rd4 22. Rxd4 exd4 23. Na4 Qa5 24. Rd1 Rd8 25. Qd2 Qxd2 26. Rxd2 Rc8 27. f4 Rc1+ 28. Kf2 Nd6 29. e5 Nb5 30. Be4 Bf5 31. Bxf5 gxf5 32. h3 Kg7 33. g4 Kg6 34. Ke2 Rh1 35. Rc2 Nc3+ 36. Nxc3 Rxh3 37. Rd2 Rh2+ 38. Ke1 Rxd2 39. gxf5+ Kxf5 40. Kxd2 dxc3+ 41. Kxc3 h5 42. Kd3 Kxf4 43. Ke2 Kxe5 44. Kf3 f5 45. b4 Kd5 46. Kf4 h4 0-1

[Event "UKR-ch U14"]
[Site "Vinnytsia"]
[Date "2016.04.06"]
[Round "1"]
[White "Scherbina, Dmitry"]
[Black "Matviishen, Viktor"]
[Result "0-1"]
[WhiteElo "1791"]
[BlackElo "2347"]
[PlyCount "88"]
[EventDate "2016.04.06"]
[EventType "tourn"]
[EventRounds "11"]
[EventCountry "UKR"]
[SourceTitle "CBM 171 Extra"]
[Source "ChessBase"]
[SourceDate "2016.04.26"]
[SourceVersion "1"]
[SourceVersionDate "2016.04.26"]
[SourceQuality "1"]

1. c4 c5 2. Nc3 Nf6 3. d3 d5 4. cxd5 Nxd5 5. Nxd5 Qxd5 6. Nf3 Nc6 7. g3 e5 8. Bg2 Be7 9. 0-0 Qd8 10. b3 0-0 11. Bb2 f6 12. Rc1 Be6 13. Qd2 Rc8 14. Bc3 Qd7 15. Rfd1 Rfd8 16. Qb2 Bg4 17. Rd2 b5 18. Rdc2 b4 19. Bd2 Bxf3 20. Bxf3 Nd4 21. Rc4 e4 22. Rxd4 Qxd4 23. Qxd4 cxd4 24. Bxe4 Rxc1+ 25. Bxc1 Bc5 26. Kf1 Rd6 27. Bb7 Kf8 28. Bf4 Rb6 29. Bd5 Ra6 30. h4 Rxa2 31. f3 Ra1+ 32. Kf2 a5 33. Bc6 Ra3 34. Bd5 a4 35. bxa4 Rxa4 36. Ke1 Ra3 37. Bc1 Ra5 38. Bb3 Bd6 39. f4 g5 40. hxg5 fxg5 41. fxg5 Bxg3+ 42. Kd1 Kg7 43. Bb2 Bf2 44. e4 Rxg5 0-1